| 000 | 00543nam a2200229Ia 4500 | ||
|---|---|---|---|
| 003 | 0100 | ||
| 008 | 130303s9999 xx 000 0 und d | ||
| 020 | _a0199244995 | ||
| 040 | _cARRUPELIB | ||
| 050 | _aBD111.L68 1998 | ||
| 100 | _aLowe, Jonathan E. | ||
| 245 | 4 | _aThe possibility of metaphysics | |
| 245 | _bsubstance, identity and time | ||
| 260 | _aOxford | ||
| 260 | _bClarendon Press | ||
| 260 | _C1998 | ||
| 300 | _aviii | ||
| 300 | _b 275p. 24cm. | ||
| 650 | _bCosmology | ||
| 650 | _cAstrophysics | ||
| 942 |
_2lcc _01 |
||
| 999 |
_c60860 _d60860 |
||